000 00386 a2200109 4500
001 ART_28975
005 20260410161951.0
008 260409a
245 1 0 _aLa regulación de los contratos bancarios en el nuevo Código Civil y Comercial de la Nación
100 1 _aMirande, Javier M.
773 0 _tTemas de derecho comercial
_g- Año 1, Nº 4 (abr. 2015)
_wREV28151
999 _c30404
_d30404